Religion Quiz

Random Religion Quiz
Score 0/33 Timer 01:30
0 Plays Today
Hint Answer % Correct
the
100%
the
100%
and
100%
the
100%
truth
77.8%
truth
77.8%
you
66.7%
you
66.7%
you
66.7%
will
66.7%
will
66.7%
set
66.7%
you
66.7%
free
66.7%
know
55.6%
John 8:31To
44.4%
Jesus
44.4%
Hint Answer % Correct
to
44.4%
jews
33.3%
who
33.3%
believed
33.3%
him
33.3%
said
33.3%
If
33.3%
my
33.3%
are
33.3%
my
33.3%
disciples
33.3%
John 8:32then
33.3%
had
22.2%
really
22.2%
hold
11.1%
teaching
11.1%
Come Together.
Have Fun.
All Virtual.
We all need to come together. Play Sporcle's virtual live trivia to have fun, connect with people, and get your trivia on. Join a live hosted trivia game for your favorite pub trivia experience done virtually. If a virtual private party is more your thing, go here for details.

You're not logged in!

Compare scores with friends on all Sporcle quizzes.
OR
Log In

Sporcle TV

Today on Sporcle TV


Watch our educational content, quiz creation guides, and fun videos on Sporcle TV.

Show Comments

Extras

Created Apr 8, 2018ReportNominate
Tags:free, john, NIV, recite, set, truth

Top Quizzes Today


Score Distribution

Paid Content

Your Account Isn't Verified!

In order to create a playlist on Sporcle, you need to verify the email address you used during registration. Go to your Sporcle Settings to finish the process.

Report this User

Report this user for behavior that violates our Community Guidelines.

Details: